Si decido quedarme
Mia es una joven de 17 años que parece tenerlo todo en la vida: una famila adorable, un novio que la quiere, una amiga incondicional y una prometedora carrera musical, debido a su talento natural para tocar el chelo. Sin embargo, todo eso cambia en una fracción de segundo, cuando ella y su familia s...
Guardado en:
| Autor Principal: | |
|---|---|
| Autor Corporativo: | |
| Otros Autores: | , , |
| Formato: | |
| Idioma: | Undetermined |
| Publicado: |
Estados Unidos :
20th Century Fox,
2014.
|
| Materias: | |
| Etiquetas: |
Agregar Etiqueta
Sin Etiquetas, Sea el primero en etiquetar este registro!
|
| LEADER | 01205ngm a22002415a 4500 | ||
|---|---|---|---|
| 001 | CEM.cems020972 | ||
| 008 | 240403s2014####xx#---############vlund#d | ||
| 005 | 20240403154526.0 | ||
| 245 | 1 | 0 | |a Si decido quedarme |h [videograbación] / |c R.J. Cutler. |
| 260 | |a Estados Unidos : |b 20th Century Fox, |c 2014. | ||
| 300 | |a 106'. | ||
| 520 | |a Mia es una joven de 17 años que parece tenerlo todo en la vida: una famila adorable, un novio que la quiere, una amiga incondicional y una prometedora carrera musical, debido a su talento natural para tocar el chelo. Sin embargo, todo eso cambia en una fracción de segundo, cuando ella y su familia sufren un terrible accidente de coche. | ||
| 538 | |a Soporte: DVD - Formato: AVI - Peso: 697 mb - Resolución: 640 x 272 - 23.98fps | ||
| 500 | |a Título original: If I Stay Idioma: Inglés Subtítulos: Español. | ||
| 590 | |a Identificación anterior: 395 | ||
| 100 | 1 | |a Cutler, R.J. | |
| 700 | 1 | |a Cross, Shauna; Guion. | |
| 700 | 1 | |a Forman, Gayle; Novela. | |
| 700 | 1 | |a Moretz, Chloë Grace; Reparto. | |
| 710 | 2 | |a New Line Cinema. | |
| 653 | |a LARGOMETRAJE | ||
| 653 | |a FICCIÓN | ||
| 859 | |a CEMS |b BIB. CEMS - Depto. Recursos Didacticos |h 778.5 |i CUL |k DRD |p 3331.24 |t Ej.1 | ||
